Banderas de los Países y Estados Caucásicos - Estadísticas

Estadísticas generales
  • Esta prueba ha sido intentada 74 veces
  • La puntuación promedio es 6 de 7
Estadísticas de respuestas
Imagen Respuesta % Correcto
Rusia
100%
Armenia
99%
Turquía
99%
Georgia
97%
Azerbaiyán
96%
Osetia del Sur
74%
Abjasia
68%
No se encontraron pruebas coincidentes
Distribución de puntuación
Porcentaje de gente con cada puntuación
Porcentaje por número respondido
Historial de tus puntuaciones
No has intentado esta prueba.